Sports Quiz

Random Sports Quiz

1950 Cup Laps Led Quiz Stats

 Plays Quiz not verified by Sporcle

Score 0/26 Timer 10:00
0 Plays Today
Laps Led Driver % Correct
218Bill Blair
75%
43Lee Petty
75%
1110Curtis Turner
50%
369Fonty Flock
50%
351Johnny Mantz
50%
190Tim Flock
50%
176Herb Thomas
50%
98Bill Rexford
50%
85Red Byron
50%
60Fireball Roberts
50%
55Jack Smith
50%
5Bob Flock
50%
4Gober Sosebee
50%
Laps Led Driver % Correct
460Dick Linder
25%
146Bucky Sager
25%
57Lloyd Moore
25%
40Jimmy Florian
25%
38Harold Kite
25%
31Ray Erickson
25%
23Cotton Owens
25%
18Chuck Mahoney
25%
12Pee Wee Martin
25%
10Buck Baker
25%
10Gayle Warren
25%
8Leon Sales
25%
1Red Harvey
25%

You're not logged in!

Compare scores with friends on all Sporcle quizzes.
OR
Log In

Sporcle TV

Today on Sporcle TV


Watch our educational content, quiz creation guides, and fun videos on Sporcle TV.

Show Comments

Extras

Created Jun 27, 2019ReportNominate
Tags:1950, cup, driver, lap, win

Top Quizzes Today


Score Distribution

Your Account Isn't Verified!

In order to create a playlist on Sporcle, you need to verify the email address you used during registration. Go to your Sporcle Settings to finish the process.

Report this User

Report this user for behavior that violates our Community Guidelines.

Details: